00942cam a22002292a 450000100060000000300090000600500170001500800410003203500500007304000330012304100080015608200280016410000400019224501640023226000450039630000300044165000420047165100300051394200120054399900170055595201400057243854BD-RJUL 20211209053749.0160628s1951 enkb 000 0 eng d aOCLC ocm13096882 from D950622MaBD-RJUL 43972 aGZDcGZDdOCLdUKMdEQObeng aeng a338.6042218bEAI 1951 1 aEastwood, T.q(Tom),d1888-913476910aIndustry in the country towns of Norfolk and Suffolk /cbeing the report of a survery carried out in 1946-7 under the general direction of A.W. Menzies Kitchin aOxford University Press :bLondon,c1951 a63 p. :bill. ; c19 cm.  0aIndustrieszEnglandzNorfolk.9134770 0aSuffolk (England)9134771 2ddccBK c43854d43854 00102ddc40708NFICaRUCLbRUCLcStackd1963-03-29eZeithlingerg1.75l0o338.6042 EAI 1951r2016-06-28 00:00:00tC-2w2016-06-28yBK